[Event "HUN-chT2 Erkel 1718"]
[Site "Hungary"]
[Date "2017.12.03"]
[Round "5.10"]
[White "Szecsenyi, Istvan"]
[Black "Sandor, Jozsef"]
[Result "1/2-1/2"]
[WhiteElo "1920"]
[BlackElo "1984"]
[PlyCount "21"]
[EventDate "2017.09.24"]
[EventType "team-tourn"]
[EventRounds "11"]
[EventCountry "HUN"]
[SourceTitle "EXT 2021"]
[Source "ChessBase"]
[SourceDate "2020.10.23"]
[SourceVersion "1"]
[SourceVersionDate "2020.10.23"]
[SourceQuality "1"]
[WhiteTeam "Gyongyos Energia"]
[BlackTeam "Budapest MAFC"]
[WhiteTeamCountry "HUN"]
[BlackTeamCountry "HUN"]

1. Nf3 Nf6 2. d4 d5 3. c4 dxc4 4. Qa4+ Nc6 5. e3 e6 6. Bxc4 Bb4+ 7. Bd2 Bxd2+ 8. Nbxd2 Bd7 9. Qd1 Qe7 10. 0-0 Rd8 11. Qe2 1/2-1/2

[Event "HUN-chT2 Erkel 1617"]
[Site "Hungary"]
[Date "2017.04.09"]
[Round "11.8"]
[White "Szecsenyi, Istvan"]
[Black "Molnar, Jozsef"]
[Result "0-1"]
[WhiteElo "1909"]
[BlackElo "2196"]
[PlyCount "58"]
[EventDate "2016.09.25"]
[EventType "team-tourn"]
[EventRounds "11"]
[EventCountry "HUN"]
[SourceTitle "EXT 2021"]
[Source "ChessBase"]
[SourceDate "2020.10.23"]
[SourceVersion "1"]
[SourceVersionDate "2020.10.23"]
[SourceQuality "1"]
[WhiteTeam "Gyongyos Matra"]
[BlackTeam "Budapest EAC"]
[WhiteTeamCountry "HUN"]
[BlackTeamCountry "HUN"]

1. e4 e6 2. d4 d5 3. Nc3 Nf6 4. Bg5 dxe4 5. Nxe4 Nbd7 6. Nxf6+ gxf6 7. Bh4 Nb6 8. c3 Bd7 9. Be2 Bc6 10. Bf3 Nd5 11. a3 Be7 12. c4 Nb6 13. Bxc6+ bxc6 14. c5 Nd5 15. Ne2 Qb8 16. Qc2 Qb5 17. 0-0 Rb8 18. Rfb1 Kd7 19. b3 Rhg8 20. Nc3 Nxc3 21. Qxc3 Qe2 22. h3 Qe4 23. Bg3 h5 24. Re1 Qd5 25. Qc4 Qf5 26. Kh1 h4 27. d5 hxg3 28. dxe6+ fxe6 29. Rad1+ Ke8 0-1

[Event "HUN-chT2 Erkel 1516"]
[Site "Hungary"]
[Date "2016.04.03"]
[Round "10.7"]
[White "Lengyel, Istvan"]
[Black "Szecsenyi, Istvan"]
[Result "1-0"]
[WhiteElo "1908"]
[BlackElo "1950"]
[PlyCount "63"]
[EventDate "2015.09.13"]
[EventType "team-tourn"]
[EventRounds "11"]
[EventCountry "HUN"]
[SourceTitle "EXT 2017"]
[Source "ChessBase"]
[SourceDate "2016.10.25"]
[SourceVersion "1"]
[SourceVersionDate "2016.10.25"]
[SourceQuality "1"]
[WhiteTeam "Paszto"]
[BlackTeam "Matra"]
[WhiteTeamCountry "HUN"]
[BlackTeamCountry "HUN"]

1. e4 c5 2. Nf3 d6 3. d4 cxd4 4. Nxd4 Nf6 5. Nc3 a6 6. h3 e5 7. Nb3 Be6 8. Be3 Nbd7 9. g4 h6 10. Qd2 b5 11. a3 Nb6 12. Na5 Rc8 13. g5 hxg5 14. Bxg5 Be7 15. 0-0-0 Nc4 16. Bxc4 Qxa5 17. Bxe6 fxe6 18. Bxf6 gxf6 19. f4 exf4 20. Qxf4 Rxc3 21. bxc3 Qxc3 22. Qg4 d5 23. Qxe6 Qxa3+ 24. Kb1 Qb4+ 25. Kc1 Qa3+ 26. Kd2 Qb4+ 27. c3 Qb2+ 28. Kd3 dxe4+ 29. Qxe4 Rg8 30. Rhg1 Rxg1 31. Rxg1 Qb1+ 32. Rxb1 1-0

[Event "Gyongyos Matra Cup"]
[Site "Gyongyos"]
[Date "2002.03.28"]
[Round "2"]
[White "Szecsenyi, Istvan"]
[Black "Nagy, Zoltan"]
[Result "1/2-1/2"]
[WhiteElo "2108"]
[BlackElo "2246"]
[PlyCount "25"]
[EventDate "2002.03.28"]
[EventType "swiss"]
[EventRounds "7"]
[EventCountry "HUN"]
[SourceTitle "EXT 2004"]
[Source "ChessBase"]
[SourceDate "2003.11.25"]
[SourceVersion "1"]
[SourceVersionDate "2003.11.25"]
[SourceQuality "1"]

1. Nf3 d5 2. g3 Nf6 3. Bg2 Bf5 4. c4 c6 5. cxd5 cxd5 6. Qb3 Qc8 7. Nc3 e6 8. d3 Be7 9. Bf4 Nh5 10. Bd2 0-0 11. Rc1 Nc6 12. 0-0 Qd7 13. e4 1/2-1/2

[Event "Bader Memorial op"]
[Site "Heves"]
[Date "2000.10.22"]
[Round "4.7"]
[White "Kovacs, Tamas"]
[Black "Szecsenyi, Istvan"]
[Result "1-0"]
[WhiteElo "2210"]
[BlackElo "2116"]
[PlyCount "31"]
[EventDate "2000.??.??"]
[EventType "swiss"]
[EventRounds "9"]
[EventCountry "HUN"]
[SourceTitle "EXT 2004"]
[Source "ChessBase"]
[SourceDate "2003.11.25"]
[SourceVersion "1"]
[SourceVersionDate "2003.11.25"]
[SourceQuality "1"]

1. d4 d5 2. c4 e6 3. Nc3 Be7 4. Nf3 Nf6 5. cxd5 exd5 6. Bg5 c6 7. Qc2 Bg4 8. e3 Nbd7 9. Bd3 Bh5 10. Nh4 Ne4 11. Bxe7 Qxe7 12. Nf5 Qf6 13. Bxe4 dxe4 14. Nxe4 Qg6 15. f3 0-0 16. Ne7+ 1-0

[Event "Gyongyos op"]
[Site "Gyongyos"]
[Date "1998.??.??"]
[Round "?"]
[White "Olah, Sandor"]
[Black "Szecsenyi, Istvan"]
[Result "1/2-1/2"]
[WhiteElo "2115"]
[BlackElo "2010"]
[PlyCount "22"]
[EventDate "1998.??.??"]
[EventType "swiss"]
[EventRounds "7"]
[EventCountry "HUN"]
[SourceTitle "EXT 2002"]
[Source "ChessBase"]
[SourceDate "2001.11.25"]
[SourceVersion "1"]
[SourceVersionDate "2001.11.25"]
[SourceQuality "1"]

1. e4 c5 2. Nf3 d6 3. d4 cxd4 4. Nxd4 Nf6 5. Nc3 Nc6 6. Bc4 Qb6 7. Nb3 a6 8. Be3 Qc7 9. 0-0 e6 10. f4 b5 11. Be2 Be7 1/2-1/2

[Event "Gyongyos op"]
[Site "Gyongyos"]
[Date "1998.??.??"]
[Round "?"]
[White "Pap, Janos"]
[Black "Szecsenyi, Istvan"]
[Result "1/2-1/2"]
[WhiteElo "2170"]
[BlackElo "2010"]
[PlyCount "22"]
[EventDate "1998.??.??"]
[EventType "swiss"]
[EventRounds "7"]
[EventCountry "HUN"]
[SourceTitle "EXT 2002"]
[Source "ChessBase"]
[SourceDate "2001.11.25"]
[SourceVersion "1"]
[SourceVersionDate "2001.11.25"]
[SourceQuality "1"]

1. d4 d5 2. c4 e6 3. Nc3 Be7 4. Nf3 Nf6 5. Bg5 h6 6. Bh4 0-0 7. e3 b6 8. Rc1 Bb7 9. Bxf6 Bxf6 10. cxd5 exd5 11. Be2 Nd7 1/2-1/2

[Event "Gyongyos op"]
[Site "Gyongyos"]
[Date "1998.??.??"]
[Round "?"]
[White "Szecsenyi, Istvan"]
[Black "Trajber, Csaba"]
[Result "1-0"]
[WhiteElo "2010"]
[BlackElo "2125"]
[PlyCount "77"]
[EventDate "1998.??.??"]
[EventType "swiss"]
[EventRounds "7"]
[EventCountry "HUN"]
[SourceTitle "EXT 2002"]
[Source "ChessBase"]
[SourceDate "2001.11.25"]
[SourceVersion "1"]
[SourceVersionDate "2001.11.25"]
[SourceQuality "1"]

1. a3 e5 2. d3 d5 3. g3 Be6 4. Bg2 Nd7 5. Nf3 f6 6. Nbd2 Bd6 7. c4 c6 8. 0-0 Ne7 9. b4 0-0 10. Bb2 Rc8 11. e4 d4 12. Ne1 a5 13. c5 Bc7 14. f4 b6 15. f5 Bf7 16. cxb6 Bxb6 17. Nc4 Bxc4 18. dxc4 Rb8 19. Nd3 Ba7 20. Qd2 Nb6 21. Rfc1 Na4 22. Rab1 g6 23. fxg6 Nxg6 24. Rf1 Qd7 25. Qc2 Nc3 26. Rbe1 axb4 27. axb4 Rf7 28. Kh1 h5 29. Bxc3 dxc3 30. Qxc3 h4 31. gxh4 Bd4 32. Qc2 Nxh4 33. Qe2 Rg7 34. Bf3 Kh8 35. Qd2 Qh3 36. Qh6+ Kg8 37. Qxf6 Rf8 38. Qxf8+ Kxf8 39. Bg2+ 1-0

[Event "Gyongyos op"]
[Site "Gyongyos"]
[Date "1998.??.??"]
[Round "?"]
[White "Sztepa, Szergej"]
[Black "Szecsenyi, Istvan"]
[Result "1/2-1/2"]
[WhiteElo "2090"]
[BlackElo "2010"]
[PlyCount "73"]
[EventDate "1998.??.??"]
[EventType "swiss"]
[EventRounds "7"]
[EventCountry "HUN"]
[SourceTitle "EXT 2002"]
[Source "ChessBase"]
[SourceDate "2001.11.25"]
[SourceVersion "1"]
[SourceVersionDate "2001.11.25"]
[SourceQuality "1"]

1. e4 g6 2. d4 Bg7 3. Nf3 d6 4. Nc3 Nf6 5. h3 c6 6. Be3 Qc7 7. Qd2 e5 8. Bd3 a6 9. 0-0 0-0 10. Bh6 Nbd7 11. Bxg7 Kxg7 12. Rfd1 b5 13. Qe3 Bb7 14. a4 b4 15. Ne2 a5 16. Ng3 c5 17. dxc5 dxc5 18. Bb5 Rfd8 19. Bxd7 Nxd7 20. Qg5 f6 21. Qg4 Nf8 22. Nh4 Rxd1+ 23. Rxd1 Rd8 24. Nhf5+ Kh8 25. Ne3 Rd4 26. Qe2 Qd7 27. Rxd4 cxd4 28. Ng4 Kg7 29. Qd2 Qc6 30. b3 Bc8 31. Kf1 Bxg4 32. hxg4 Ne6 33. f3 Qc3 34. Qxc3 dxc3 35. Ne2 Kf7 36. Kf2 Ke7 37. Ke3 1/2-1/2

[Event "HUN-chT3"]
[Site "Hungary"]
[Date "1997.??.??"]
[Round "?"]
[White "Schrancz, Istvan"]
[Black "Szecsenyi, Istvan"]
[Result "1-0"]
[WhiteElo "2265"]
[BlackElo "2010"]
[PlyCount "59"]
[EventDate "1997.??.??"]
[EventType "team"]
[EventRounds "13"]
[EventCountry "HUN"]
[SourceTitle "EXT 2001"]
[Source "ChessBase"]
[SourceDate "2000.11.22"]
[SourceVersion "1"]
[SourceVersionDate "2000.11.22"]
[SourceQuality "1"]

1. d4 Nf6 2. c4 g6 3. Nc3 Bg7 4. e4 d6 5. Be2 0-0 6. Nf3 e5 7. 0-0 Nc6 8. d5 Ne7 9. Nd2 Nd7 10. b4 a5 11. bxa5 Rxa5 12. Nb3 Ra8 13. a4 f5 14. f3 f4 15. Ba3 b6 16. Bb4 g5 17. a5 Nc5 18. Qc2 Bd7 19. axb6 Rxa1 20. Rxa1 cxb6 21. Nxc5 bxc5 22. Ba5 Qc8 23. Nb5 Bxb5 24. cxb5 Qb7 25. Be1 Ra8 26. Ra6 Rxa6 27. bxa6 Qb6 28. Qa4 Qb8 29. Qd7 Nc8 30. Qb7 1-0

[Event "Berze Memorial 7th"]
[Site "Godollo"]
[Date "1996.??.??"]
[Round "?"]
[White "Szecsenyi, Istvan"]
[Black "Francsics, Endre"]
[Result "0-1"]
[WhiteElo "2010"]
[BlackElo "2220"]
[PlyCount "88"]
[EventDate "1996.??.??"]
[EventType "swiss"]
[EventRounds "9"]
[EventCountry "HUN"]
[SourceTitle "EXT 2004"]
[Source "ChessBase"]
[SourceDate "2003.11.25"]
[SourceVersion "1"]
[SourceVersionDate "2003.11.25"]
[SourceQuality "1"]

1. e4 d6 2. d4 Nf6 3. Nc3 g6 4. Nf3 Bg7 5. Bc4 c6 6. e5 dxe5 7. Nxe5 0-0 8. Bb3 Nbd7 9. Nxd7 Qxd7 10. 0-0 b5 11. a3 Bb7 12. Be3 Rad8 13. Qe2 Qf5 14. Rad1 a6 15. f3 h5 16. Bf2 Rfe8 17. Bg3 Nd7 18. Qe4 Qf6 19. Qf4 Qxf4 20. Bxf4 c5 21. dxc5 Nxc5 22. Ba2 Bd4+ 23. Rxd4 Rxd4 24. Be3 e5 25. Bxd4 exd4 26. Nd5 Re2 27. Rf2 Re1+ 28. Rf1 Re5 29. Nf4 Kg7 30. Kf2 Na4 31. Nd3 Re7 32. Re1 Rc7 33. Bb3 Nb6 34. Re8 a5 35. Ne5 a4 36. Bxf7 Rxc2+ 37. Kg3 Bd5 38. Bxg6 h4+ 39. Kh3 Rxb2 40. Bd3 b4 41. axb4 a3 42. f4 a2 43. Re7+ Kf6 44. Ra7 Rb1 0-1

[Event "Fuzesabony op"]
[Site "Fuzesabony"]
[Date "1995.??.??"]
[Round "8"]
[White "Horvath, Lajos"]
[Black "Szecsenyi, Istvan"]
[Result "1-0"]
[WhiteElo "2145"]
[BlackElo "2020"]
[PlyCount "47"]
[EventDate "1995.??.??"]
[EventType "swiss"]
[EventRounds "9"]
[EventCountry "HUN"]
[SourceTitle "EXT 2004"]
[Source "ChessBase"]
[SourceDate "2003.11.25"]
[SourceVersion "1"]
[SourceVersionDate "2003.11.25"]
[SourceQuality "1"]

1. e4 c6 2. d4 d5 3. exd5 cxd5 4. c4 Nf6 5. Nc3 Nc6 6. Nf3 Bg4 7. cxd5 Nxd5 8. Qb3 Nb6 9. Ne5 Nxe5 10. dxe5 g6 11. Bc4 Nxc4 12. Qxc4 Be6 13. Qa4+ Bd7 14. Qb3 Bc6 15. 0-0 Bg7 16. Bf4 0-0 17. Rad1 Qa5 18. Nd5 Rfe8 19. e6 Ba4 20. exf7+ Kxf7 21. Qa3 e5 22. Bg3 b6 23. b4 Qb5 24. Nc3 1-0

[Event "Gyongyos op "]
[Site "Gyongyos"]
[Date "1995.??.??"]
[Round "?"]
[White "Lazar, Ales Ml"]
[Black "Szecsenyi, Istvan"]
[Result "1-0"]
[WhiteElo "2205"]
[BlackElo "2020"]
[PlyCount "105"]
[EventDate "1995.??.??"]
[EventType "swiss"]
[EventRounds "9"]
[EventCountry "HUN"]
[SourceTitle "EXT 1999"]
[Source "ChessBase"]
[SourceDate "1998.11.16"]
[SourceVersion "1"]
[SourceVersionDate "1998.11.16"]
[SourceQuality "1"]

1. e4 c5 2. Nf3 d6 3. d4 cxd4 4. Nxd4 Nf6 5. Nc3 a6 6. Be2 e5 7. Nb3 Be6 8. Bg5 Be7 9. Bf3 Bc4 10. Qd2 h6 11. Bh4 Qc7 12. 0-0-0 Nbd7 13. Kb1 b5 14. Be2 Bxe2 15. Qxe2 b4 16. Bxf6 Nxf6 17. Nd5 Nxd5 18. Rxd5 0-0 19. Nd2 Rfc8 20. Nf1 a5 21. Ne3 a4 22. Rd3 Bf8 23. Rhd1 Ra5 24. Qd2 Qb7 25. Nd5 Rb5 26. Rg3 Kh8 27. b3 Ra8 28. Re3 axb3 29. cxb3 Rba5 30. Qxb4 Qxb4 31. Nxb4 d5 32. Nxd5 Rxa2 33. Nc3 Rxf2 34. Re2 Rxe2 35. Nxe2 f6 36. Rd7 Kg8 37. Nc3 Bc5 38. Rb7 Bd4 39. Rc7 Rb8 40. Kc2 h5 41. Nd5 Ra8 42. Kd3 Ra3 43. Ne7+ Kf8 44. Kc4 Ra2 45. Kd5 Bb6 46. Rb7 Bd8 47. Nc6 Rxg2 48. Ke6 Rxh2 49. Rb8 Kg8 50. Ne7+ Kh7 51. Rxd8 h4 52. Kf7 Rg2 53. Nf5 1-0

[Event "Gyongyos op "]
[Site "Gyongyos"]
[Date "1995.??.??"]
[Round "?"]
[White "Olah, Sandor"]
[Black "Szecsenyi, Istvan"]
[Result "1-0"]
[WhiteElo "2165"]
[BlackElo "2020"]
[PlyCount "35"]
[EventDate "1995.??.??"]
[EventType "swiss"]
[EventRounds "9"]
[EventCountry "HUN"]
[SourceTitle "EXT 1999"]
[Source "ChessBase"]
[SourceDate "1998.11.16"]
[SourceVersion "1"]
[SourceVersionDate "1998.11.16"]
[SourceQuality "1"]

1. e4 e6 2. d3 d5 3. Nd2 dxe4 4. dxe4 Bc5 5. Ngf3 Nf6 6. Bd3 Nc6 7. 0-0 0-0 8. e5 Ng4 9. Qe2 Qd5 10. c4 Qd8 11. h3 Nxf2 12. Rxf2 f6 13. Ne4 Bxf2+ 14. Nxf2 fxe5 15. Qe4 g6 16. Bh6 Rf7 17. Ng4 Nd4 18. Nfxe5 1-0

[Event "Gyongyos op "]
[Site "Gyongyos"]
[Date "1995.??.??"]
[Round "?"]
[White "Szecsenyi, Istvan"]
[Black "Gorda, Ferenc"]
[Result "1/2-1/2"]
[WhiteElo "2020"]
[BlackElo "2120"]
[PlyCount "91"]
[EventDate "1995.??.??"]
[EventType "swiss"]
[EventRounds "9"]
[EventCountry "HUN"]
[SourceTitle "EXT 1999"]
[Source "ChessBase"]
[SourceDate "1998.11.16"]
[SourceVersion "1"]
[SourceVersionDate "1998.11.16"]
[SourceQuality "1"]

1. e4 b6 2. d4 e6 3. Bd3 Bb7 4. Nf3 Be7 5. Be3 d6 6. 0-0 Nd7 7. c4 Ngf6 8. Nc3 c5 9. d5 e5 10. h3 Nf8 11. Qa4+ Qd7 12. Qxd7+ Kxd7 13. g3 Nh5 14. a4 a5 15. Be2 Nf6 16. Nd2 Ng6 17. f4 h5 18. f5 Nf8 19. Kg2 N8h7 20. b3 g5 21. g4 Rag8 22. Kg3 Nf8 23. Rh1 hxg4 24. hxg4 Rh4 25. Rxh4 gxh4+ 26. Kh3 N8h7 27. Rg1 Bc8 28. g5 Ne8 29. f6 Kc7+ 30. Kxh4 Nexf6 31. gxf6 Bxf6+ 32. Kh5 Rh8 33. Bh6 Be7 34. Nb5+ Kd8 35. Rf1 Nf6+ 36. Rxf6 Bxf6 37. Nxd6 Ke7 38. Nxc8+ Rxc8 39. Nf1 Ra8 40. Bg4 Rh8 41. Ng3 Ke8 42. Nf5 Kd8 43. Nd6 Ke7 44. Nf5+ Kd8 45. Nd6 Ke7 46. Nf5+ 1/2-1/2

[Event "Gyongyos op "]
[Site "Gyongyos"]
[Date "1995.??.??"]
[Round "?"]
[White "Szecsenyi, Istvan"]
[Black "Horvath, Ivan"]
[Result "1/2-1/2"]
[WhiteElo "2020"]
[BlackElo "2070"]
[PlyCount "27"]
[EventDate "1995.??.??"]
[EventType "swiss"]
[EventRounds "9"]
[EventCountry "HUN"]
[SourceTitle "EXT 1999"]
[Source "ChessBase"]
[SourceDate "1998.11.16"]
[SourceVersion "1"]
[SourceVersionDate "1998.11.16"]
[SourceQuality "1"]

1. e4 c5 2. Nf3 d6 3. d4 cxd4 4. Nxd4 Nf6 5. f3 e5 6. Bb5+ Bd7 7. Bxd7+ Qxd7 8. Ne2 d5 9. exd5 Nxd5 10. Nbc3 Bb4 11. Bd2 Nxc3 12. Bxc3 Nc6 13. Qxd7+ Kxd7 14. 0-0-0+ 1/2-1/2